000 00435pab a2200157 454500
008 180718b2000 xxu||||| |||| 00| 0 eng d
100 _aPuri, S.S.
245 _aChild victim protective investigation and trial procedure - the need for comprehensive legislation
260 _c2000
300 _ap.26-38
362 _aApr-Sep
650 _aSexual abuse
650 _aChild abuse
773 _aIndian Police Journal
909 _a47585
999 _c47585
_d47585